[Event "Russian Championship G13 1st league 2016"]
[Site "Loo"]
[Date "2016.04.26"]
[Round "7.27"]
[White "Spiridonova, Maria"]
[Black "Oreshkina, Natalia"]
[Result "0-1"]
[WhiteElo "1275"]
[BlackElo "1513"]
[PlyCount "36"]
[EventDate "2016.04.20"]

1. e4 e5 2. Nf3 Nc6 3. Bc4 Bc5 4. d3 Nf6 5. c3 d6 6. Na3 O-O 7. Nc2 Bb6 8. O-O
Qe7 9. Be3 Be6 10. Bxb6 axb6 11. Ne3 Bxc4 12. Nxc4 Qd7 13. Re1 Rfe8 14. Qc2 Nh5
15. h3 Re6 16. Kh2 Nf4 17. Rg1 Rh6 18. h4 Qg4 0-1

[Event "Russian Championship G13 1st league 2016"]
[Site "Loo"]
[Date "2016.04.26"]
[Round "7.28"]
[White "Senkovskaya, Irina"]
[Black "Abramova, Maria"]
[Result "0-1"]
[WhiteElo "1293"]
[BlackElo "1507"]
[PlyCount "104"]
[EventDate "2016.04.20"]

1. e4 c5 2. Nf3 Nc6 3. d4 cxd4 4. Nxd4 g6 5. c4 Bg7 6. Be3 Nf6 7. Nc3 d6 8. Be2
Bd7 9. Qd2 a6 10. O-O O-O 11. Rac1 Qc7 12. f3 Ne5 13. b3 Rfc8 14. Kh1 Rab8 15.
Rfd1 Kh8 16. Nd5 Nxd5 17. cxd5 Qd8 18. h3 Be8 19. f4 Nd7 20. f5 Nc5 21. Bf3 Bd7
22. fxg6 hxg6 23. Bh6 Kh7 24. Bxg7 Kxg7 25. Qb2 Kh7 26. Qf2 Kg7 27. Qb2 f6 28.
Kh2 Qb6 29. Qe2 Rh8 30. Qe3 Kf7 31. Qd2 Rbg8 32. Kg1 g5 33. Qe2 g4 34. Bxg4
Bxg4 35. hxg4 Rh4 36. Rxc5 Qxc5 37. Qc2 Qxc2 38. Nxc2 Rhxg4 39. Rd2 Rxe4 40.
Nd4 Re1+ 41. Kf2 Rh1 42. Re2 Rg5 43. Nf3 Rxd5 44. Rc2 Rc5 45. Re2 Rhc1 46. Ne1
Rc8 47. Kf3 e5 48. Kf2 d5 49. Rd2 d4 50. Re2 Re8 51. Nd3 Rc3 52. Ne1 e4 0-1

[Event "Russian Championship G13 1st league 2016"]
[Site "Loo"]
[Date "2016.04.26"]
[Round "7.29"]
[White "Nasonova, Elizaveta"]
[Black "Pripisnova, Aleksandra"]
[Result "1-0"]
[WhiteElo "1410"]
[BlackElo "1263"]
[PlyCount "83"]
[EventDate "2016.04.20"]

1. d4 Nf6 2. c4 g6 3. Nc3 d5 4. Bf4 Bg7 5. e3 Be6 6. Nf3 dxc4 7. Qa4+ Nc6 8.
Bxc4 Bxc4 9. Qxc4 O-O 10. O-O Nh5 11. Bg3 Nxg3 12. fxg3 a6 13. a4 e6 14. b4 Qd6
15. Rab1 Rab8 16. Qc5 Na7 17. Qxa7 b6 18. Qxa6 Qc6 19. Qd3 Rbd8 20. b5 Qb7 21.
Qe4 Qa7 22. Ne5 f5 23. Nc6 Qa8 24. Ne7+ Kf7 25. Qxa8 Rxa8 26. Nc6 Bh6 27. Ne5+
Kg8 28. Rfe1 Rad8 29. Ra1 Bg7 30. Nc6 Rd6 31. a5 bxa5 32. Rxa5 Re8 33. Ra7 Rd7
34. b6 Rd6 35. Rxc7 Kf8 36. b7 Bh6 37. Rc8 Rxc6 38. Rxc6 Kg7 39. Rc8 Rxc8 40.
bxc8=Q Bg5 41. h4 Bf6 42. Qxe6 1-0

[Event "Russian Championship G13 1st league 2016"]
[Site "Loo"]
[Date "2016.04.26"]
[Round "7.30"]
[White "Tolstykh, Arina"]
[Black "Kudrevatykh, Anastasia"]
[Result "1-0"]
[WhiteElo "1254"]
[BlackElo "1396"]
[PlyCount "87"]
[EventDate "2016.04.20"]

1. d4 d5 2. c4 e6 3. Nc3 Nf6 4. Bg5 Nbd7 5. Nf3 c6 6. e3 Qa5 7. a3 Ne4 8. Qc2
a6 9. cxd5 cxd5 10. Bd3 Bb4 11. O-O Bxc3 12. Bxe4 dxe4 13. b4 Bxb4 14. axb4
Qxb4 15. Qxe4 O-O 16. Qg4 f5 17. Qg3 Rf7 18. Rac1 a5 19. Rc7 Qf8 20. Rfc1 Kh8
21. Ne5 Nxe5 22. Qxe5 a4 23. Bh6 Bd7 24. Rxb7 a3 25. Ra1 a2 26. Rb2 Qc8 27. h3
Kg8 28. Bf4 h6 29. Rbxa2 Rxa2 30. Rxa2 g5 31. Bg3 Qc1+ 32. Kh2 f4 33. Ra8+ Bc8
34. exf4 gxf4 35. Qxe6 fxg3+ 36. fxg3 Kg7 37. Rxc8 Qd2 38. Qe5+ Rf6 39. Rc6 Qg5
40. Rxf6 Qxf6 41. g4 Qxe5+ 42. dxe5 Kf7 43. Kg3 Ke6 44. Kf4 1-0

[Event "Russian Championship G13 1st league 2016"]
[Site "Loo"]
[Date "2016.04.26"]
[Round "7.31"]
[White "Makarenko, Elizaveta"]
[Black "Targyn, Belek"]
[Result "1-0"]
[WhiteElo "1226"]
[BlackElo "1380"]
[PlyCount "159"]
[EventDate "2016.04.20"]

1. e4 e6 2. d4 d5 3. exd5 exd5 4. Bd3 Nf6 5. Nf3 Bg4 6. O-O Be7 7. Bf4 O-O 8.
Nbd2 c6 9. c3 Qb6 10. Qc2 Nbd7 11. Rae1 Rfe8 12. h3 Bh5 13. Ne5 Nxe5 14. dxe5
Ne4 15. Nxe4 dxe4 16. Bxe4 Bg6 17. Bxg6 hxg6 18. Re2 Bc5 19. Rfe1 Re6 20. Bg3
Rae8 21. Kh2 Qb5 22. f4 a5 23. a4 Qa6 24. Re4 b5 25. b4 axb4 26. cxb4 Bf8 27.
a5 Rc8 28. Ra1 c5 29. bxc5 Rxc5 30. Qb3 Rec6 31. Ree1 Rc3 32. Qb2 b4 33. Red1
Qa8 34. Rd2 Ra6 35. Rc2 Rxc2 36. Qxc2 Rxa5 37. Rxa5 Qxa5 38. Be1 Qb6 39. Qb3
Qd4 40. Kg3 Qc5 41. e6 fxe6 42. Qxe6+ Kh7 43. Qb3 Bd6 44. Bd2 Qg5+ 45. Kf3 Qc5
46. g3 Qc6+ 47. Kf2 Bc5+ 48. Ke2 Qg2+ 49. Kd1 Bf2 50. Qxb4 Bxg3 51. Qd4 Qxh3
52. Qe4 Qf1+ 53. Kc2 Qa6 54. Qh1+ Kg8 55. Qd5+ Kf8 56. Bb4+ Ke8 57. Qg8+ Kd7
58. Qxg7+ Kc8 59. Qc3+ Kb7 60. Qxg3 Qc4+ 61. Bc3 Qe2+ 62. Bd2 Qc4+ 63. Qc3 Qa2+
64. Qb2+ Qxb2+ 65. Kxb2 Kc6 66. Bc3 Kd5 67. Bf6 Ke4 68. Bg5 Kd3 69. Kb3 Kd4 70.
Kc2 Ke4 71. Kc3 Kd5 72. Kd3 Ke6 73. Ke4 Kd6 74. Kd4 Ke6 75. Kc5 Kf7 76. Kd6 Kg7
77. Ke7 Kg8 78. Kf6 Kh7 79. Kf7 Kh8 80. Kxg6 1-0

[Event "Russian Championship G13 1st league 2016"]
[Site "Loo"]
[Date "2016.04.26"]
[Round "7.32"]
[White "Frolova, Lada"]
[Black "Ustinovitch, Angelina"]
[Result "1-0"]
[WhiteElo "1378"]
[BlackElo "1206"]
[PlyCount "37"]
[EventDate "2016.04.20"]

1. d4 Nf6 2. Nc3 g6 3. e4 d6 4. Be3 Bg7 5. Qd2 O-O 6. f3 c6 7. O-O-O b5 8. h4
a5 9. Bh6 Qb6 10. h5 a4 11. Bxg7 Kxg7 12. hxg6 fxg6 13. Qh6+ Kf7 14. e5 Ng8 15.
Qxh7+ Ke8 16. Qxg6+ Kd8 17. exd6 e6 18. Rh8 Ra7 19. Rxg8 1-0

[Event "Russian Championship G13 1st league 2016"]
[Site "Loo"]
[Date "2016.04.26"]
[Round "7.35"]
[White "Lashkova, Ekaterina"]
[Black "Taranenko, Polina"]
[Result "1-0"]
[WhiteElo "1302"]
[BlackElo "1226"]
[PlyCount "75"]
[EventDate "2016.04.20"]

1. e4 e5 2. Nf3 Nc6 3. d4 d6 4. dxe5 dxe5 5. Qxd8+ Nxd8 6. Nxe5 Bd6 7. Nc4 Bc5
8. Be3 Ne6 9. Bxc5 Nxc5 10. Nc3 Nf6 11. f3 O-O 12. O-O-O Be6 13. Nb5 c6 14. Nc7
Bxc4 15. Nxa8 Bxf1 16. Rhxf1 Rxa8 17. c4 h6 18. g4 b5 19. cxb5 cxb5 20. e5 Nfd7
21. b4 Rc8 22. bxc5 Rxc5+ 23. Kb1 Nxe5 24. Rc1 Nc4 25. Rfd1 Na3+ 26. Ka1 Nc4
27. a4 bxa4 28. Rd4 Nd2 29. Rd8+ Kh7 30. Rxc5 Nb3+ 31. Kb2 Nxc5 32. Ka3 Kg6 33.
Rd5 Ne6 34. Kxa4 Ng5 35. Rf5 h5 36. h4 hxg4 37. Rxg5+ Kf6 38. fxg4 1-0

[Event "Russian Championship G13 1st league 2016"]
[Site "Loo"]
[Date "2016.04.26"]
[Round "7.36"]
[White "Baneva, Darina"]
[Black "Shadrukhina, Yuliya"]
[Result "1-0"]
[WhiteElo "1255"]
[BlackElo "1086"]
[PlyCount "41"]
[EventDate "2016.04.20"]

1. e4 d5 2. exd5 Qxd5 3. Nf3 Bg4 4. Be2 Nf6 5. O-O Nc6 6. c4 Qh5 7. d4 O-O-O 8.
h3 Bxh3 9. gxh3 Qxh3 10. Ng5 Qh6 11. Bg4+ Nxg4 12. Qxg4+ f5 13. Qxf5+ e6 14.
Nxe6 Qh4 15. Nxd8+ Kb8 16. Nxc6+ bxc6 17. Bf4 g6 18. Qe5 Qg4+ 19. Bg3 Bg7 20.
Qxc7+ Ka8 21. Qxc6# 1-0

[Event "Russian Championship G13 1st league 2016"]
[Site "Loo"]
[Date "2016.04.26"]
[Round "7.37"]
[White "Arefieva, Olga"]
[Black "Bychenok, Kseniya"]
[Result "0-1"]
[WhiteElo "1492"]
[BlackElo "1334"]
[PlyCount "106"]
[EventDate "2016.04.20"]

1. e4 e5 2. Nf3 Nc6 3. Bb5 d6 4. d4 Bd7 5. d5 Nce7 6. Bxd7+ Qxd7 7. O-O Ng6 8.
Nc3 Nf6 9. Bg5 Be7 10. Re1 O-O 11. Bd2 Ne8 12. Rb1 f5 13. h3 Nh4 14. Nxh4 Bxh4
15. Qh5 Be7 16. exf5 Qxf5 17. Qxf5 Rxf5 18. Ne4 Rf7 19. Ng5 Bxg5 20. Bxg5 Nf6
21. Bxf6 Rxf6 22. Re3 Raf8 23. f3 Re8 24. Ra3 a6 25. Rb3 b6 26. Rc3 Re7 27. Re1
Rf4 28. Re4 Rxe4 29. fxe4 Rf7 30. a3 Kf8 31. b4 Ke8 32. Rf3 Rxf3 33. gxf3 Kf7
34. Kg2 Kf6 35. Kg3 g5 36. h4 h5 37. a4 a5 38. b5 gxh4+ 39. Kxh4 Kg6 40. c3 Kh6
41. c4 Kg6 42. Kg3 Kg5 43. Kh3 Kf4 44. Kg2 h4 45. Kh3 Kxf3 46. Kxh4 Kxe4 47.
Kg5 Kd4 48. Kf6 Kxc4 49. Ke6 Kd4 50. Kd7 Kxd5 51. Kxc7 Kc5 52. Kb7 e4 53. Kc7
e3 0-1

[Event "Russian Championship G13 1st league 2016"]
[Site "Loo"]
[Date "2016.04.26"]
[Round "7.39"]
[White "Bronnikova, Ekaterina"]
[Black "Butko, Anna"]
[Result "0-1"]
[WhiteElo "1360"]
[BlackElo "1313"]
[PlyCount "64"]
[EventDate "2016.04.20"]

1. e4 e5 2. Nf3 Nc6 3. Bb5 d6 4. d4 exd4 5. Nxd4 Bd7 6. Bxc6 Bxc6 7. Nc3 Nf6 8.
Qf3 d5 9. exd5 Nxd5 10. Qe2+ Qe7 11. Qxe7+ Bxe7 12. Nxc6 bxc6 13. Nxd5 cxd5 14.
Bf4 c6 15. Kd2 O-O 16. Rhe1 Bc5 17. Be3 d4 18. Bf4 Rad8 19. f3 Bb4+ 20. Kd3
Bxe1 21. Rxe1 Rfe8 22. Rd1 Rd7 23. Kc4 Re2 24. Bb8 Rxc2+ 25. Kb3 Rxg2 26. a4
Rb7+ 27. Ka3 Rxb8 28. Rxd4 Rgxb2 29. a5 c5 30. Re4 R8b3+ 31. Ka4 Rb4+ 32. Rxb4
cxb4 0-1

[Event "Russian Championship G15 1st league 2016"]
[Site "Loo"]
[Date "2016.04.26"]
[Round "7.1"]
[White "Selezneva, Ekaterina"]
[Black "Gutkovich, Polina"]
[Result "0-1"]
[WhiteElo "1750"]
[BlackElo "1776"]
[PlyCount "94"]
[EventDate "2016.04.20"]

1. e4 e6 2. d4 d5 3. Bd3 dxe4 4. Bxe4 Nf6 5. Bf3 c5 6. Ne2 Nc6 7. Be3 cxd4 8.
Nxd4 Ne5 9. Nc3 Bb4 10. Ndb5 Nxf3+ 11. Qxf3 a6 12. Rd1 Qe7 13. a3 axb5 14. axb4
Qxb4 15. O-O O-O 16. Rd4 Qe7 17. Bg5 h6 18. Bh4 g5 19. Bg3 Rd8 20. Rxd8+ Qxd8
21. Be5 Nd7 22. Rd1 f6 23. Bd6 Qb6 24. Qh3 Kg7 25. Qxe6 Qc6 26. Qe7+ Kg6 27.
Qe8+ Kg7 28. Re1 Ne5 29. Qf8+ Kg6 30. Qg8+ Kh5 31. Bxe5 fxe5 32. f3 Qb6+ 33.
Kh1 Qe6 34. Qg7 Ra6 35. Ne4 Qg6 36. Ng3+ Kh4 37. Qxe5 Ra4 38. Ne4 Qe6 39. Qxe6
Bxe6 40. Nc5 Bf5 41. Nxa4 bxa4 42. c3 b5 43. Re7 Bd3 44. Re6 g4 45. fxg4 Kg5
46. h3 Bc4 47. g3 Bxe6 0-1

[Event "Russian Championship G15 1st league 2016"]
[Site "Loo"]
[Date "2016.04.26"]
[Round "7.2"]
[White "Aliverdieva, Elina"]
[Black "Perch, Sofya"]
[Result "1/2-1/2"]
[WhiteElo "1566"]
[BlackElo "1723"]
[PlyCount "120"]
[EventDate "2016.04.20"]

1. e4 c5 2. Nf3 d6 3. d4 cxd4 4. Nxd4 Nf6 5. Nc3 a6 6. Be2 e5 7. Nb3 Be6 8. O-O
Nbd7 9. Qd3 b5 10. Nd5 Bxd5 11. exd5 Nb6 12. Bf3 Nc4 13. Re1 Be7 14. a4 O-O 15.
axb5 axb5 16. Rxa8 Qxa8 17. Nd2 Qa5 18. Rf1 Nxd2 19. Bxd2 Qa4 20. Re1 Rc8 21.
c3 Qb3 22. Bc1 b4 23. Qb5 h6 24. Bd1 Qxd5 25. Qxb4 Qe6 26. Qb5 d5 27. Qe2 Bd6
28. Be3 Re8 29. h3 e4 30. Bd4 Qf5 31. b4 Qf4 32. g3 Qf5 33. Kg2 Be5 34. Qe3
Bxd4 35. Qxd4 Rc8 36. Be2 Qe6 37. Ra1 Qc6 38. Ra3 Qd6 39. Ra5 Qc6 40. Rc5 Qb7
41. Rxc8+ Qxc8 42. c4 dxc4 43. Qxc4 Qa8 44. Kh2 Qb7 45. b5 Qb6 46. Kg2 e3 47.
Qc8+ Kh7 48. Qf5+ Kg8 49. Qc8+ Kh7 50. Qf5+ Kg8 51. Qf3 exf2 52. Qxf2 Qb7+ 53.
Kh2 Nd7 54. Bc4 Ne5 55. Be2 f6 56. Qc5 Qe4 57. Qf2 Qb7 58. Qc5 Qe4 59. Qf2 Qb7
60. Qf5 Qa7 1/2-1/2

[Event "Russian Championship G15 1st league 2016"]
[Site "Loo"]
[Date "2016.04.26"]
[Round "7.3"]
[White "Burnyasheva, Elena"]
[Black "Yurasova, Daria"]
[Result "1/2-1/2"]
[WhiteElo "1664"]
[BlackElo "1698"]
[PlyCount "84"]
[EventDate "2016.04.20"]

1. e4 e6 2. d4 d5 3. Nc3 Bb4 4. e5 c5 5. Qg4 Ne7 6. Qxg7 Rg8 7. Qxh7 cxd4 8. a3
Bxc3+ 9. bxc3 Qc7 10. Ne2 Nbc6 11. f4 Bd7 12. Qd3 dxc3 13. Nxc3 a6 14. Rb1 Rc8
15. Bd2 Na5 16. g3 Nc4 17. Rb3 Nc6 18. Qh7 Rf8 19. Bxc4 dxc4 20. Rb1 Nd4 21.
Ne4 Bc6 22. Nf6+ Kd8 23. O-O Nf3+ 24. Rxf3 Bxf3 25. Be3 Qc6 26. Bb6+ Rc7 27.
Qg7 Ke7 28. Qg5 Bh1 29. Nd5+ Ke8 30. Bxc7 Qxd5 31. Qd8+ Qxd8 32. Bxd8 Bd5 33.
Bf6 Kd7 34. Kf2 Kc6 35. h4 Be4 36. Rb4 b5 37. c3 a5 38. Rb2 Rg8 39. h5 Bd3 40.
h6 Bh7 41. Kf3 Rb8 42. Be7 Re8 1/2-1/2

[Event "Russian Championship G15 1st league 2016"]
[Site "Loo"]
[Date "2016.04.26"]
[Round "7.4"]
[White "Hilova, Vlada"]
[Black "Sosnina, Ekaterina"]
[Result "0-1"]
[WhiteElo "1852"]
[BlackElo "1727"]
[PlyCount "88"]
[EventDate "2016.04.20"]

1. d4 Nf6 2. Nf3 g6 3. g3 Bg7 4. Bg2 O-O 5. O-O d6 6. c4 Nbd7 7. Qc2 e5 8. Rd1
exd4 9. Nxd4 Re8 10. Nc3 a5 11. b3 Nc5 12. Ba3 Qe7 13. Rac1 c6 14. e3 Bg4 15.
Re1 Rad8 16. f3 Bc8 17. Rcd1 Qc7 18. e4 h5 19. Qf2 h4 20. g4 Ne6 21. Nxe6 Bxe6
22. Qxh4 Nxg4 23. Na4 b5 24. fxg4 bxa4 25. Rd3 axb3 26. axb3 a4 27. Bf1 Qb6+
28. Qf2 Qxf2+ 29. Kxf2 axb3 30. Rxb3 Bxg4 31. Rd3 c5 32. Rb3 Rb8 33. Rb5 Bd7
34. Rbb1 Rxb1 35. Rxb1 Rxe4 36. Kf3 Bf5 37. Rb8+ Kh7 38. Rd8 Bd4 39. Kg2 Re3
40. Bc1 Be4+ 41. Kf2 Rc3+ 42. Ke2 Rxc1 43. Rxd6 Rc2+ 44. Kd1 Rxh2 0-1

[Event "Russian Championship G15 1st league 2016"]
[Site "Loo"]
[Date "2016.04.26"]
[Round "7.5"]
[White "Zinatullina, Adelya"]
[Black "Plaksina, Sofya"]
[Result "1-0"]
[WhiteElo "1775"]
[BlackElo "1630"]
[PlyCount "139"]
[EventDate "2016.04.20"]

1. d4 d5 2. c4 e6 3. e3 c6 4. Nf3 f5 5. Ne5 Nf6 6. Nd2 Be7 7. f4 O-O 8. Be2 Ne4
9. O-O Nd7 10. Nxe4 dxe4 11. g4 Nxe5 12. dxe5 Qb6 13. Qe1 Bd7 14. Qg3 Rad8 15.
Kh1 Kh8 16. Rg1 Rg8 17. b3 Be8 18. gxf5 exf5 19. c5 Bxc5 20. Bc4 Rd5 21. Bxd5
cxd5 22. Qg5 d4 23. Bb2 d3 24. e6 Bg6 25. Qh6 Qxe6 26. Rg3 d2 27. Rd1 Bb4 28.
Rg2 Qd6 29. a3 Bxa3 30. Rdxd2 Bxb2 31. Rxd6 gxh6 32. Rxb2 Rc8 33. Rbd2 Rc3 34.
Rd8+ Kg7 35. R8d7+ Bf7 36. Rxb7 Rxb3 37. Rxa7 Kg6 38. Rd6+ Kh5 39. Rxf7 Kg4 40.
Rg7+ Kf3 41. Rg3+ Ke2 42. Rg2+ Kf3 43. Rdd2 Kxe3 44. Rd1 Kxf4 45. Rf1+ Ke5 46.
Rgf2 Kd4 47. Rxf5 e3 48. Rd1+ Rd3 49. Rd5+ Kxd5 50. Rxd3+ Ke4 51. Rd1 e2 52.
Re1 Kf3 53. Kg1 h5 54. Ra1 Ke3 55. Kg2 h4 56. h3 h6 57. Rb1 h5 58. Ra1 Kf4 59.
Kf2 Ke4 60. Kxe2 Kf4 61. Kf2 Kg5 62. Kf3 Kf5 63. Ra5+ Kg6 64. Kf4 Kh6 65. Ra6+
Kh7 66. Kg5 Kg7 67. Rf6 Kh7 68. Rf7+ Kg8 69. Kg6 Kh8 70. Rf8# 1-0

[Event "Russian Championship G15 1st league 2016"]
[Site "Loo"]
[Date "2016.04.26"]
[Round "7.6"]
[White "Fairuzova, Zulfiiya"]
[Black "Pikalova, Sofya"]
[Result "1-0"]
[WhiteElo "1659"]
[BlackElo "1728"]
[PlyCount "71"]
[EventDate "2016.04.20"]

1. d4 d5 2. c4 e6 3. Nc3 Nf6 4. Bg5 Nbd7 5. e3 c6 6. a3 Qa5 7. Bxf6 Nxf6 8. c5
Qc7 9. Nf3 Be7 10. Bd3 O-O 11. O-O b6 12. b4 Bb7 13. Qc2 h6 14. h3 Rfe8 15. Ne5
bxc5 16. bxc5 Qc8 17. Rfb1 Ba6 18. Rb3 Bxd3 19. Qxd3 Qc7 20. Rab1 Rac8 21. Qa6
Bd8 22. Rb7 Qa5 23. Qxa5 Bxa5 24. Ne2 Ne4 25. Rxa7 Bd8 26. f3 f6 27. Nd3 Nd2
28. Rbb7 g5 29. Ng3 Nc4 30. Rg7+ Kh8 31. Rh7+ Kg8 32. Rag7+ Kf8 33. Nh5 Re7 34.
Rxe7 Bxe7 35. Rh8+ Kf7 36. Rxc8 1-0

[Event "Russian Championship G15 1st league 2016"]
[Site "Loo"]
[Date "2016.04.26"]
[Round "7.7"]
[White "Gusenkova, Karina"]
[Black "Tolkacheva, Anna"]
[Result "1-0"]
[WhiteElo "1431"]
[BlackElo "1702"]
[PlyCount "53"]
[EventDate "2016.04.20"]

1. d4 d5 2. c4 c6 3. e3 Nf6 4. Bd3 e6 5. Nf3 Nbd7 6. b3 Bb4+ 7. Bd2 Bxd2+ 8.
Nbxd2 O-O 9. O-O b6 10. Qc2 Bb7 11. Rac1 Rc8 12. Qb2 Qe7 13. h3 Rfd8 14. Rfd1
a6 15. cxd5 Nxd5 16. Nc4 c5 17. Be2 cxd4 18. Nxd4 b5 19. Na5 Nc5 20. Nxb7 Qxb7
21. Bf3 e5 22. Nf5 Kf8 23. Bxd5 Rxd5 24. Rxd5 Qxd5 25. b4 g6 26. Ng3 Ke7 27.
bxc5 1-0

[Event "Russian Championship G15 1st league 2016"]
[Site "Loo"]
[Date "2016.04.26"]
[Round "7.8"]
[White "Polyanskaya, Elizaveta"]
[Black "Tsvetkova, Vladislava"]
[Result "0-1"]
[WhiteElo "1701"]
[BlackElo "1570"]
[PlyCount "140"]
[EventDate "2016.04.20"]

1. d4 Nf6 2. Nf3 e6 3. g3 b6 4. Bg2 Bb7 5. c4 Bb4+ 6. Bd2 Qe7 7. O-O Bxd2 8.
Nbxd2 a5 9. Qc2 d6 10. e4 e5 11. Rfe1 O-O 12. a3 a4 13. d5 Nbd7 14. Nh4 Nc5 15.
Nf5 Qd8 16. Qc3 Bc8 17. Ne3 Ng4 18. h3 Nxe3 19. Qxe3 f5 20. Rf1 f4 21. Qf3 Qg5
22. Rad1 fxg3 23. Qxg3 Qxg3 24. fxg3 Rxf1+ 25. Rxf1 Ba6 26. Rc1 Kf7 27. Rc3 Bc8
28. Kh2 Ra5 29. Bf1 Ke7 30. Kg2 Bd7 31. Kf3 b5 32. Ke3 bxc4 33. Nxc4 Rb5 34.
Rc2 Rb3+ 35. Rc3 Bb5 36. Nd2 Rxb2 37. Bxb5 Rxb5 38. Kf3 Rb2 39. Nc4 Rb3 40.
Rxb3 axb3 41. Nb2 Kd7 42. Ke3 c6 43. a4 cxd5 44. exd5 Kc7 45. Kd2 Kb6 46. Nc4+
Ka6 47. Nxd6 b2 48. Kc2 Nxa4 49. Nc4 Kb5 50. Nxe5 Kc5 51. Nd3+ Kxd5 52. Nf2 Kd4
53. Nd3 Ke3 54. Nf4 Kf3 55. Nh5 g6 56. Nf6 Kxg3 57. Nxh7 Kxh3 58. Nf8 g5 59.
Ne6 g4 60. Ng5+ Kh2 61. Ne4 g3 62. Nd2 g2 63. Nf3+ Kh1 64. Kb1 g1=Q+ 65. Nxg1
Kxg1 66. Ka2 Kf2 67. Kb1 Ke2 68. Ka2 Kd2 69. Kb1 Kd1 70. Ka2 Kc1 0-1

[Event "Russian Championship G15 1st league 2016"]
[Site "Loo"]
[Date "2016.04.26"]
[Round "7.9"]
[White "Malozemova, Darya"]
[Black "Nikolaeva, Ksenya"]
[Result "1-0"]
[WhiteElo "1643"]
[BlackElo "1660"]
[PlyCount "35"]
[EventDate "2016.04.20"]

1. d4 d5 2. Bf4 e6 3. Nf3 Bd6 4. Bg3 Nf6 5. e3 b6 6. Bd3 c5 7. c3 Ba6 8. Bc2
O-O 9. Ne5 Qc7 10. Nd2 Nc6 11. f4 Rac8 12. Bh4 cxd4 13. Bxf6 dxe3 14. Bxh7+
Kxh7 15. Qh5+ Kg8 16. Qg5 exd2+ 17. Kxd2 g6 18. Qh6 1-0

[Event "Russian Championship G15 1st league 2016"]
[Site "Loo"]
[Date "2016.04.26"]
[Round "7.10"]
[White "Martysh, Darja"]
[Black "Badmaeva, Baina"]
[Result "1-0"]
[WhiteElo "1614"]
[BlackElo "1656"]
[PlyCount "99"]
[EventDate "2016.04.20"]

1. e4 c5 2. Nc3 d6 3. g3 g6 4. Bg2 Bg7 5. d3 Nc6 6. Be3 Nf6 7. h3 O-O 8. f4 a6
9. Nge2 Qb6 10. Qc1 Bd7 11. O-O Rad8 12. g4 Bc8 13. f5 Ne8 14. g5 Qa7 15. Nd5
f6 16. gxf6 Nxf6 17. fxg6 hxg6 18. Bh6 Nxd5 19. exd5 Rxf1+ 20. Bxf1 Rf8 21.
dxc6 bxc6 22. Bxg7 Kxg7 23. Bg2 e5 24. Qe3 Qb6 25. b3 Be6 26. Ng3 Qd8 27. Rf1
Rxf1+ 28. Bxf1 Qa5 29. a4 Qc3 30. Qf2 d5 31. Bg2 a5 32. Nf1 c4 33. Qd2 Qd4+ 34.
Qe3 Qc3 35. bxc4 dxc4 36. dxc4 Qxc4 37. Qxe5+ Kf7 38. Qxa5 Qxc2 39. Qa7+ Kf6
40. Qd4+ Kf7 41. a5 c5 42. Qf4+ Ke7 43. a6 Qa2 44. Qc7+ Kf6 45. a7 Bd5 46. Qd6+
Kg7 47. Qd7+ Kf6 48. Bxd5 Qb2 49. a8=Q Qd4+ 50. Kh1 1-0

[Event "Russian Championship G15 1st league 2016"]
[Site "Loo"]
[Date "2016.04.26"]
[Round "7.12"]
[White "Schegoleva, Sofia"]
[Black "Turko, Anastasia"]
[Result "0-1"]
[WhiteElo "1501"]
[BlackElo "1612"]
[PlyCount "64"]
[EventDate "2016.04.20"]

1. e4 g6 2. d4 Bg7 3. Nc3 d6 4. Bg5 a6 5. Qe2 Bxd4 6. Qc4 Bg7 7. O-O-O b5 8.
Qd3 Nd7 9. f4 Bb7 10. Nf3 c5 11. Qe3 Qa5 12. Kb1 Bxc3 13. bxc3 b4 14. c4 Nb6
15. Qb3 Na4 16. Rd3 Bxe4 17. Re3 Nc3+ 18. Ka1 f6 19. Bh4 Bc6 20. Bd3 Qc7 21.
Rhe1 Kf7 22. g4 Qb7 23. Nd2 h5 24. g5 f5 25. Re6 Bd7 26. R6e3 a5 27. Bxf5 Bxf5
28. Rxc3 Qg2 29. Rce3 Qxd2 30. R1e2 Qc1+ 31. Qb1 Qxb1+ 32. Kxb1 e6 0-1

[Event "Russian Championship G15 1st league 2016"]
[Site "Loo"]
[Date "2016.04.26"]
[Round "7.14"]
[White "Bychenkova, Angelina"]
[Black "Minko, Olga"]
[Result "1/2-1/2"]
[WhiteElo "1546"]
[BlackElo "1446"]
[PlyCount "96"]
[EventDate "2016.04.20"]

1. d4 e5 2. Nf3 exd4 3. Nxd4 d5 4. Bf4 Bd6 5. Bxd6 Qxd6 6. Nc3 Nf6 7. e3 a6 8.
Bd3 Nc6 9. Nxc6 Qxc6 10. h3 d4 11. exd4 Qxg2 12. Qe2+ Be6 13. O-O-O Qg5+ 14.
Kb1 Qa5 15. Bc4 O-O-O 16. Bxe6+ fxe6 17. Qxe6+ Kb8 18. Qb3 Qf5 19. Na4 Ne4 20.
Qd3 Qf4 21. Rhf1 Rhe8 22. f3 Ng3 23. Rg1 g6 24. Nc5 Re3 25. Qc4 Qxf3 26. a3 Nf5
27. Qb4 Ka7 28. Rgf1 Qc6 29. h4 Re7 30. Rd3 b6 31. Nb3 Red7 32. h5 Qg2 33. Rdf3
Nxd4 34. Nxd4 Rxd4 35. Qc3 Kb7 36. hxg6 hxg6 37. R1f2 Rd1+ 38. Ka2 Qg1 39. Rf7
R1d7 40. R2f6 Rxf7 41. Qc6+ Kb8 42. Rxf7 Rc8 43. Rg7 g5 44. Qc4 a5 45. Qd5 g4
46. Qg5 Qg2 47. Qf5 g3 48. Qd3 Qf2 1/2-1/2

[Event "Russian Championship G15 1st league 2016"]
[Site "Loo"]
[Date "2016.04.26"]
[Round "7.15"]
[White "Kononova, Anastasiya"]
[Black "Kiseleva, Elizaveta"]
[Result "0-1"]
[WhiteElo "1426"]
[BlackElo "1542"]
[PlyCount "62"]
[EventDate "2016.04.20"]

1. c4 e5 2. Nc3 Nf6 3. g3 d5 4. cxd5 Nxd5 5. Bg2 Nb6 6. Nf3 Nc6 7. d3 Be7 8.
O-O O-O 9. a3 Bf5 10. b4 a6 11. Bb2 Re8 12. Na4 e4 13. Ne1 exd3 14. Nxd3 Nxa4
15. Qxa4 Bf6 16. Bxf6 Qxf6 17. Nf4 b5 18. Qd1 Rad8 19. Qc1 Nd4 20. Ra2 Be6 21.
Nxe6 Qxe6 22. Qb2 Nxe2+ 23. Kh1 h6 24. h4 Qg4 25. Kh2 Rd3 26. Re1 Rxg3 27. fxg3
Qxg3+ 28. Kh1 Qxe1+ 29. Kh2 Qg3+ 30. Kh1 Qxh4+ 31. Bh3 Qxh3# 0-1

[Event "Russian Championship G15 1st league 2016"]
[Site "Loo"]
[Date "2016.04.26"]
[Round "7.16"]
[White "Bezenkina, Ekaterina"]
[Black "Kolesnikova, Kseniya"]
[Result "0-1"]
[WhiteElo "1413"]
[BlackElo "1526"]
[PlyCount "86"]
[EventDate "2016.04.20"]

1. e4 e6 2. d4 d5 3. exd5 exd5 4. Bd3 Nf6 5. Ne2 Be7 6. O-O Nbd7 7. Be3 Nf8 8.
b3 Ne6 9. c4 c6 10. Nbc3 O-O 11. h3 Kh8 12. Rc1 h6 13. cxd5 Nxd5 14. Nxd5 Qxd5
15. Bc4 Qh5 16. Ng3 Qa5 17. a4 Rd8 18. Qf3 Kg8 19. Rfd1 Bg5 20. Ne4 Bxe3 21.
fxe3 b5 22. Bxe6 Bxe6 23. Nc5 Rd5 24. Nxe6 fxe6 25. Rxc6 bxa4 26. Rxe6 axb3 27.
Re5 Rad8 28. Rxd5 Qxd5 29. Qxd5+ Rxd5 30. Rb1 Rb5 31. Rb2 a5 32. Kf2 a4 33. Rb1
a3 34. d5 a2 35. Rd1 b2 36. d6 b1=Q 37. Rd4 Qb2+ 38. Kf3 Qxd4 39. exd4 a1=Q 40.
d7 Qc3+ 41. Ke4 Qc6+ 42. d5 Qxd5+ 43. Kf4 Qxd7 0-1

[Event "Russian Championship G15 1st league 2016"]
[Site "Loo"]
[Date "2016.04.26"]
[Round "7.17"]
[White "Nerusheva, Arina"]
[Black "Chagina, Ulyana"]
[Result "0-1"]
[WhiteElo "1513"]
[BlackElo "1276"]
[PlyCount "76"]
[EventDate "2016.04.20"]

1. e4 e6 2. d4 d5 3. Nc3 Nf6 4. e5 Nfd7 5. f4 c5 6. Nf3 a6 7. Be3 Nc6 8. Qd2
Be7 9. Be2 b5 10. a3 Qb6 11. Rd1 Bb7 12. O-O cxd4 13. Nxd4 Bc5 14. b4 Bxd4 15.
Bxd4 Nxd4 16. Qxd4 Qxd4+ 17. Rxd4 Rc8 18. Rd3 d4 19. Nb1 Rxc2 20. Bf3 Bxf3 21.
Rfxf3 g5 22. Rxd4 gxf4 23. Rfxf4 Nxe5 24. Rd6 Rc6 25. Rfd4 O-O 26. Nd2 Rfc8 27.
Ne4 Rxd6 28. Rxd6 Rc6 29. Rxc6 Nxc6 30. Nc5 a5 31. bxa5 Nxa5 32. Nd3 Nc4 33.
Kf2 Nxa3 34. Ke2 Kf8 35. Nb4 Ke7 36. Kd3 Kd6 37. Kc3 Nc4 38. Na6 Ne3 0-1